Engineering Equation Solver : application to engineering and thermal engineering problems (Record no. 71570)
[ view plain ]
| 000 -LEADER | |
|---|---|
| fixed length control field | 00774nam a22002057a 4500 |
| 003 - CONTROL NUMBER IDENTIFIER | |
| control field | NUST - PNEC |
| 005 - DATE AND TIME OF LATEST TRANSACTION | |
| control field | 20170116181204.0 |
| 008 - FIXED-LENGTH DATA ELEMENTS--GENERAL INFORMATION | |
| fixed length control field | 160222b xxu||||| |||| 00| 0 eng d |
| 020 ## - INTERNATIONAL STANDARD BOOK NUMBER | |
| International Standard Book Number | 9788184872620 |
| 040 ## - CATALOGING SOURCE | |
| Transcribing agency | LIBRARY |
| 082 ## - DEWEY DECIMAL CLASSIFICATION NUMBER | |
| Classification number | 621.4 DAS |
| 100 ## - MAIN ENTRY--PERSONAL NAME | |
| 9 (RLIN) | 16586 |
| Personal name | Dash, Sukanta K. |
| 245 ## - TITLE STATEMENT | |
| Title | Engineering Equation Solver : application to engineering and thermal engineering problems |
| Statement of responsibility, etc. | Sukanta K. Dash, |
| 250 ## - EDITION STATEMENT | |
| Edition statement | - |
| 260 ## - PUBLICATION, DISTRIBUTION, ETC. | |
| Place of publication, distribution, etc. | New Delhi : |
| Name of publisher, distributor, etc. | Narosa Publishing House |
| Date of publication, distribution, etc. | c.2014 |
| 300 ## - PHYSICAL DESCRIPTION | |
| Extent | 402 pages |
| 650 ## - SUBJECT ADDED ENTRY--TOPICAL TERM | |
| 9 (RLIN) | 16585 |
| Topical term or geographic name entry element | Mechanical engineering--Mathematics |
| General subdivision | ME, IME |
| 856 ## - ELECTRONIC LOCATION AND ACCESS | |
| Uniform Resource Identifier | <a href="http://www.amazon.in/Engineering-Equation-Solver-Application-Problems/dp/8184872623/ref=sr_1_1?s=books&ie=UTF8&qid=1456122143&sr=1-1&keywords=9788184872620">http://www.amazon.in/Engineering-Equation-Solver-Application-Problems/dp/8184872623/ref=sr_1_1?s=books&ie=UTF8&qid=1456122143&sr=1-1&keywords=9788184872620</a> |
| 942 ## - ADDED ENTRY ELEMENTS (KOHA) | |
| Source of classification or shelving scheme | |
| Koha item type | Book |
| Withdrawn status | Lost status | Source of classification or shelving scheme | Materials specified (bound volume or other part) | Damaged status | Not for loan | Permanent Location | Current Location | Shelving location | Date acquired | Source of acquisition | Cost, normal purchase price | Total Checkouts | Full call number | Barcode | Date last seen | Cost, replacement price | Price effective from | Koha item type |
|---|---|---|---|---|---|---|---|---|---|---|---|---|---|---|---|---|---|---|
| paperback | Pakistan Navy Engineering College (PNEC) | Pakistan Navy Engineering College (PNEC) | Reference | 12/03/2015 | Progressive International Agencies / Ref Grant | 525.94 | 621.4 DAS | PNECLIB-032621 | 02/22/2016 | 525.94 | 12/03/2015 | Book |
